000 00587nam a22001817a 4500
003 LC
005 20160106123055.0
008 150210b xxu||||| |||| 00| 0 eng d
020 _a9780435032883
050 _aBF 311
_b.L415 2010
100 _aLaw, Alan.
245 _aPsychology :
_bdeveloped specifically for the IB diploma
_cAlan Law, Christos Halkiopoulos, Christian Bryan-Zaykov.
260 _aMalaysia :
_bPearson Baccalaureate,
_cc2010.
300 _a402 pages :
_bcolored illustrations ;
_c25 cm.
650 _aCognition.
650 _aCognitive psychology.
942 _2lcc
_cBK
999 _c282566
_d282566